La voz de la mujer en la literatura hispanoamericana fin - de - siglo / Luis Jiménez, Compilador
Guardado en:
| 格式: | 圖書 |
|---|---|
| 語言: | Undetermined |
| 出版: |
San José, Costa Rica
Editorial de la Universidad de Costa Rica
1999
|
| 主題: | |
| 標簽: |
添加標簽
沒有標簽, 成為第一個標記此記錄!
|
MARC
| LEADER | 00000nam a2200000Ia 4500 | ||
|---|---|---|---|
| 008 | 170316s9999 xx 000 0 und d | ||
| 040 | |a cru BVZT | ||
| 090 | |a A-860 V-5v | ||
| 245 | |a La voz de la mujer en la literatura hispanoamericana fin - de - siglo / Luis Jiménez, Compilador | ||
| 260 | |a San José, Costa Rica | ||
| 260 | |b Editorial de la Universidad de Costa Rica | ||
| 260 | |c 1999 | ||
| 300 | |a 210 páginas | ||
| 650 | |a LITERATURA LATINOAMERICANA | ||
| 650 | |a MUJERES COMO AUTORAS - AMÉRICA LATINA | ||
| 650 | |a MUJERES COMO POETISAS | ||
| 650 | |a ADELA ZAMUDIO - BOLIVIA | ||
| 650 | |a MARIA JOSEFA MUJIA - BOLIVIA | ||
| 650 | |a MUJER - LITERATURA | ||
| 650 | |a CLORINDA MATTO DE TURNER | ||
| 650 | |a SOLEDAD ACOSTA DE SAMPER | ||
| 650 | |a AMELIA DENIS DE ICAZA | ||
| 650 | |a SALOME UREÑA | ||
| 650 | |a VIRGINIA ELENA ORTEA | ||
| 650 | |a JUANA BORRERO | ||
| 650 | |a MARIA LUISA DOLZ | ||
| 650 | |a MERCEDES MATAMOROS | ||
| 650 | |a LOLA RODRIGUEZ DE TIO | ||
| 650 | |a ANA ROQUE - CONTRADICCIONES IDEOLÓGICAS | ||
| 650 | |a CARMELA EULATE SANJURJO | ||
| 999 | |c 12552 |d 12552 | ||
| 942 | |c 15 D |h A-860 V-5v |2 z | ||
